[Event "WALTON 40th BAN-ch U20 Girls 2022"]
[Site "Dhaka"]
[Date "2022.02.18"]
[Round "4.3"]
[White "Jannatul, Ferdousi"]
[Black "Omnia Binta Yusuf, Lubaba"]
[Result "0-1"]
[WhiteElo "1609"]
[BlackElo "1578"]
[Annotator "NA RC"]
[PlyCount "70"]
[EventDate "2022.02.15"]
[EventType "swiss"]
[EventCountry "BAN"]
[SourceTitle "playchess.com"]
[Source "ChessBase"]
[SourceQuality "1"]
[TimeControl "5400+30"]

1. d4 {[%emt 0:00:04]} Nf6 {[%emt 0:01:42]} 2. Bf4 {[%emt 0:00:33]} e6 {[%emt 0:00:18]} 3. e3 {[%emt 0:00:30]} Be7 {[%emt 0:01:49]} 4. Nf3 {[%emt 0:01:57]} b6 {[%emt 0:01:57]} 5. Bd3 {[%emt 0:05:45]} Bb7 {[%emt 0:00:57]} 6. Nbd2 {[%emt 0:02:11]} Nd5 {[%emt 0:04:49]} 7. c3 {[%emt 0:19:35]} Nxf4 {[%emt 0:00:13]} 8. exf4 {[%emt 0:00:57]} f5 {[%emt 0:02:49]} 9. Ne5 {[%emt 0:08:56]} g6 {[%emt 0:02:52]} 10. Rg1 {[%emt 0:07:49]} c5 {[%emt 0:05:47]} 11. g4 {[%emt 0:04:44]} d6 {[%emt 0:04:33]} 12. Bb5+ {[%emt 0:03:09]} Kf8 {[%emt 0:01:40]} 13. Nef3 {[%emt 0:08:10]} Ba6 {[%emt 0:03:51]} 14. Bxa6 {[%emt 0:05:25]} Nxa6 {[%emt 0:00:09]} 15. Qe2 {[%emt 0:00:51]} Nc7 {[%emt 0:01:04]} 16. Qf1 {[%emt 0:08:29]} Bf6 {[%emt 0:06:57]} 17. g5 {[%emt 0:10:08]} Bg7 {[%emt 0:00:35]} 18. Qg2 {[%emt 0:00:41]} Nd5 {[%emt 0:02:42]} 19. Qg3 {[%emt 0:02:09]} Qd7 {[%emt 0:00:52]} 20. b3 {[%emt 0:07:16]} Rc8 {[%emt 0:03:42]} 21. Nh4 {[%emt 0:01:07]} cxd4 {[%emt 0:01:11]} 22. c4 {[%emt 0:00:32]} Nb4 {[%emt 0:04:21]} 23. Kf1 {[%emt 0:00:28]} e5 {[%emt 0:02:16]} 24. fxe5 {[%emt 0:00:31]} dxe5 {[%emt 0:00:34]} 25. a3 {[%emt 0:00:27]} Nc2 {[%emt 0:01:03]} 26. Ra2 {[%emt 0:00:32]} d3 {[%emt 0:01:09]} 27. Kg2 {[%emt 0:00:29]} e4 {[%emt 0:01:13]} 28. Kh1 {[%emt 0:00:30]} Qd4 {[%emt 0:01:29]} 29. Qf4 {[%emt 0:00:34]} Be5 {[%emt 0:00:27]} 30. Nhf3 {[%emt 0:00:29]} Bxf4 {[%emt 0:00:44]} 31. Nxd4 {[%emt 0:00:20]} Nxd4 {[%emt 0:00:11]} 32. Rd1 {[%emt 0:00:34]} Bxd2 {[%emt 0:01:02]} 33. Raxd2 {[%emt 0:00:15]} Nxb3 {[%emt 0:00:11]} 34. Rb2 {[%emt 0:00:34]} Nd4 {[%emt 0:00:32]} 35. Rc1 {[%emt 0:00:30]} Nc2 {[%emt 0:00:31]} 0-1

[Event "WALTON 40th BAN-ch U20 Girls 2022"]
[Site "Dhaka"]
[Date "2022.02.18"]
[Round "4.5"]
[White "Israt, Jahan Diba"]
[Black "Shimon, Ahmed"]
[Result "1-0"]
[WhiteElo "1697"]
[BlackElo "1203"]
[Annotator "NA RC"]
[PlyCount "51"]
[EventDate "2022.02.15"]
[EventType "swiss"]
[EventCountry "BAN"]
[SourceTitle "playchess.com"]
[Source "ChessBase"]
[SourceQuality "1"]
[TimeControl "5400+30"]

1. e4 {[%emt 0:00:02]} c5 {[%emt 0:00:17]} 2. Nf3 {[%emt 0:00:10]} Nc6 {[%emt 0:00:14]} 3. d4 {[%emt 0:00:12]} cxd4 {[%emt 0:00:15]} 4. Nxd4 {[%emt 0:00:10]} e6 {[%emt 0:00:12]} 5. Nc3 {[%emt 0:00:26]} Bc5 {[%emt 0:00:33]} 6. Be3 {[%emt 0:05:21]} Bb6 {[%emt 0:02:33]} 7. Ncb5 {[%emt 0:03:20]} d5 {[%emt 0:02:00]} 8. Bd3 {[%emt 0:14:13]} a6 {[%emt 0:01:23]} 9. Nxc6 {[%emt 0:01:17]} bxc6 {[%emt 0:00:38]} 10. Bxb6 {[%emt 0:02:13]} Qxb6 {[%emt 0:00:14]} 11. Nd6+ {[%emt 0:00:53]} Ke7 {[%emt 0:00:09]} 12. Nxc8+ {[%emt 0:01:04]} Rxc8 {[%emt 0:00:09]} 13. exd5 {[%emt 0:03:00]} cxd5 {[%emt 0:00:51]} 14. b3 {[%emt 0:02:34]} Nf6 {[%emt 0:01:07]} 15. O-O {[%emt 0:00:44]} h6 {[%emt 0:00:28]} 16. Qe2 {[%emt 0:00:47]} a5 {[%emt 0:00:16]} 17. Kh1 {[%emt 0:01:37]} Rc5 {[%emt 0:02:25]} 18. f4 {[%emt 0:01:53]} Re8 {[%emt 0:01:36]} 19. Rae1 {[%emt 0:03:17]} Nd7 {[%emt 0:00:23]} 20. Qg4 {[%emt 0:02:08]} Kf8 {[%emt 0:01:45]} 21. Qf3 {[%emt 0:06:06]} e5 {[%emt 0:01:16]} 22. fxe5 {[%emt 0:00:32]} Nxe5 {[%emt 0:00:30]} 23. Rxe5 {[%emt 0:00:22]} Qc7 {[%emt 0:01:23]} 24. Rxe8+ {[%emt 0:01:07]} Kxe8 {[%emt 0:00:04]} 25. Qe3+ {[%emt 0:00:20]} Kf8 {[%emt 0:00:07]} 26. Bg6 {[%emt 0:00:41]} 1-0

[Event "WALTON 40th BAN-ch U20 Girls 2022"]
[Site "Dhaka"]
[Date "2022.02.19"]
[Round "5.1"]
[White "Ahmed, Walijah"]
[Black "Jannatul, Ferdous"]
[Result "1-0"]
[WhiteElo "1953"]
[BlackElo "1852"]
[Annotator "ChessBase"]
[PlyCount "65"]
[EventDate "2022.02.15"]
[EventType "swiss"]
[EventCountry "BAN"]
[SourceTitle "playchess.com"]
[Source "ChessBase"]
[SourceQuality "1"]
[TimeControl "5400+30"]

1. c4 {[%emt 0:00:16]} e6 {[%emt 0:00:22]} 2. b3 {[%emt 0:00:11]} d5 {[%emt 0:00:18]} 3. Bb2 {[%emt 0:00:16]} Nf6 {[%emt 0:00:36]} 4. Nf3 {[%emt 0:00:23]} b6 {[%emt 0:01:38]} 5. e3 {[%emt 0:01:34]} Bb7 {[%emt 0:00:45]} 6. Be2 {[%emt 0:00:56]} Be7 {[%emt 0:00:48]} 7. O-O {[%emt 0:00:45]} O-O {[%emt 0:00:04]} 8. d4 {[%emt 0:00:37]} Ne4 {[%emt 0:09:01]} 9. Nbd2 {[%emt 0:10:00]} Nd7 {[%emt 0:03:41]} 10. Ne5 {[%emt 0:09:23]} Nxe5 {[%emt 0:10:13]} 11. dxe5 {[%emt 0:00:26]} Nxd2 {[%emt 0:00:14]} 12. Qxd2 {[%emt 0:00:10]} dxc4 {[%emt 0:00:08]} 13. Qxd8 {[%emt 0:02:09]} Rfxd8 {[%emt 0:00:25]} 14. Bxc4 {[%emt 0:00:16]} a6 {[%emt 0:05:04]} 15. Rfd1 {[%emt 0:12:29]} Kf8 {[%emt 0:09:47]} 16. Kf1 {[%emt 0:13:02]} Ke8 {[%emt 0:03:06]} 17. f3 {[%emt 0:03:07]} Rxd1+ {[%emt 0:01:56]} 18. Rxd1 {[%emt 0:02:01]} Rd8 {[%emt 0:00:06]} 19. Rxd8+ {[%emt 0:01:33]} Kxd8 {[%emt 0:00:09]} 20. Ke2 {[%emt 0:01:27]} Kd7 {[%emt 0:07:05]} 21. g4 {[%emt 0:02:13]} h6 {[%emt 0:20:25]} 22. f4 {[%emt 0:04:55]} c5 {[%emt 0:11:00]} 23. f5 {[%emt 0:05:15]} b5 {[%emt 0:02:04]} 24. Bd3 {[%emt 0:01:27]} exf5 {[%emt 0:01:46]} 25. gxf5 {[%emt 0:08:11]} Bg5 {[%emt 0:05:38]} 26. Ba3 {[%emt 0:01:55]} Be7 {[%emt 0:00:20]} 27. Bb2 {[%emt 0:00:29]} Bg5 {[%emt 0:00:05]} 28. Bc3 {[%emt 0:00:18]} Ke7 {[%emt 0:03:53]} 29. Ba5 {[%emt 0:01:40]} Kd7 {[%emt 0:00:15]} 30. Be1 {[%emt 0:00:52]} Ke7 {[%emt 0:00:40]} 31. h4 {[%emt 0:00:10]} c4 {[%emt 0:03:43]} 32. bxc4 {[%emt 0:00:17]} bxc4 {[%emt 0:00:23]} 33. Bxc4 {[%emt 0:00:12]} 1-0

[Event "WALTON 40th BAN-ch U20 Girls 2022"]
[Site "Dhaka"]
[Date "2022.02.19"]
[Round "5.2"]
[White "Omnia Binta Yusuf, Lubaba"]
[Black "Kazi Zarin, Tasnim"]
[Result "0-1"]
[WhiteElo "1578"]
[BlackElo "1801"]
[Annotator "NA"]
[PlyCount "94"]
[EventDate "2022.02.15"]
[EventType "swiss"]
[EventCountry "BAN"]
[SourceTitle "playchess.com"]
[Source "ChessBase"]
[SourceQuality "1"]
[TimeControl "5400+30"]

1. e4 {[%emt 0:00:06]} e5 {[%emt 0:04:05]} 2. Nf3 {[%emt 0:00:21]} Nc6 {[%emt 0:00:13]} 3. d4 {[%emt 0:00:06]} exd4 {[%emt 0:00:05]} 4. Nxd4 {[%emt 0:00:06]} Nf6 {[%emt 0:00:03]} 5. Nc3 {[%emt 0:00:06]} Bb4 {[%emt 0:00:05]} 6. Nxc6 {[%emt 0:00:17]} bxc6 {[%emt 0:00:02]} 7. Bd3 {[%emt 0:00:10]} d5 {[%emt 0:00:03]} 8. exd5 {[%emt 0:00:19]} cxd5 {[%emt 0:00:06]} 9. O-O {[%emt 0:00:18]} O-O {[%emt 0:00:02]} 10. Qf3 {[%emt 0:00:34]} h6 {[%emt 0:01:31]} 11. a3 {[%emt 0:06:54]} Be7 {[%emt 0:07:01]} 12. Re1 {[%emt 0:02:19]} Be6 {[%emt 0:00:39]} 13. Bxh6 {[%emt 0:05:38]} Bg4 $2 {[%emt 0:24:24]} (13... gxh6 $11 14. Qg3+ Kh8 15. Rxe6 fxe6) 14. Qg3 {[%emt 0:02:32]} ({Much less strong is} 14. Qe3 Re8 $18) ({Better is} 14. Qf4 $18 Bh5 15. Bg5) 14... gxh6 {[%emt 0:14:16] [#]} 15. h3 {[%emt 0:04:58]} ({Inferior is} 15. Nxd5 Qxd5 16. Rxe7 Qg5 $15) ({White should try} 15. Qe3 $1 {[%cal Re3h6]} Re8 16. Qxh6) 15... Bd6 {[%emt 0:05:52]} 16. f4 $1 {[%emt 0:02:26]} Kh8 {[%emt 0:04:10]} 17. hxg4 {[%emt 0:01:41]} Rg8 {[%emt 0:00:26]} 18. Bf5 {[%emt 0:01:30]} Qf8 {[%emt 0:04:01]} (18... c6 $16 19. Rad1 Ne8) 19. g5 $4 {[%emt 0:07:02] [#]} (19. Qh4 $18 {and all is fine.} Qg7 20. g5) 19... Nh5 $2 {[%emt 0:04:28]} (19... Rxg5 $1 $19 {[%mdl 512]} 20. Qd3 Bxf4) 20. Qh4 {[%emt 0:05:25]} Nxf4 {[%emt 0:02:19]} 21. gxh6 {[%emt 0:02:09]} Rxg2+ {[%emt 0:08:07]} 22. Kf1 $2 {[%emt 0:05:57] [#]} (22. Kh1 $11 {and White has nothing to worry.} f6 {[#]} 23. Nxd5 $1 {[%mdl 512]}) 22... f6 $1 {[%emt 0:00:23]} 23. Nxd5 {[%emt 0:05:59] [#]} Rg5 $1 {[%emt 0:00:09]} 24. Nxf4 {[%emt 0:06:24]} Bxf4 $4 {[%emt 0:05:24]} (24... Rxf5 $19 {and life is good for Black.} 25. Re4 Qg8) 25. Qxf4 {[%emt 0:02:12]} Qxh6 {[%emt 0:00:01]} 26. Qf3 $2 {[%emt 0:09:45]} (26. Bg4 $18) 26... Rag8 {[%emt 0:00:24]} 27. Ke2 {[%emt 0:13:35]} Rg2+ {[%emt 0:02:13]} 28. Kd3 {[%emt 0:00:47] [#]} R8g3 $19 {[%emt 0:00:02]} ({Weaker is} 28... R2g3 29. Re3 Rxf3 30. Rxf3) 29. Qxg3 {[%emt 0:07:16]} Rxg3+ {[%emt 0:00:02]} 30. Kc4 {[%emt 0:00:31]} Qf4+ {[%emt 0:00:38]} 31. Be4 {[%emt 0:00:29]} f5 {[%emt 0:00:29]} 32. Rad1 {[%emt 0:00:39]} fxe4 {[%emt 0:00:59]} 33. Rd8+ {[%emt 0:01:47]} Kg7 {[%emt 0:01:13]} 34. Rd7+ {[%emt 0:02:02]} Kg6 {[%emt 0:00:49]} 35. Red1 {[%emt 0:01:22]} e3+ {[%emt 0:13:16]} 36. R1d4 {[%emt 0:00:44]} Qf1+ {[%emt 0:00:00]} 37. Kc5 {[%emt 0:00:17]} e2 {[%emt 0:00:00]} 38. Rxc7 {[%emt 0:01:06]} Qf5+ {[%emt 0:00:00]} 39. Kc6 {[%emt 0:01:41]} e1=Q {[%emt 0:00:00]} 40. Rd6+ {[%emt 0:00:36]} Qee6 {[%emt 0:00:00]} 41. Rcd7 {[%emt 0:01:17]} Qxc2+ {[%emt 0:00:00]} 42. Kb7 {[%emt 0:00:21]} Qxb2+ {[%emt 0:00:00]} 43. Kxa7 {[%emt 0:00:12]} Qxa3+ {[%emt 0:00:00]} 44. Kb7 {[%emt 0:00:28]} Qexd6 {[%emt 0:00:00]} 45. Rxd6+ {[%emt 0:01:23]} Qxd6 {[%emt 0:00:00]} 46. Kc8 {[%emt 0:00:20]} Rc3+ {[%emt 0:00:00]} 47. Kb7 {[%emt 0:00:11]} Qb4+ {[%emt 0:00:00]} 0-1

[Event "WALTON 40th BAN-ch U20 Girls 2022"]
[Site "Dhaka"]
[Date "2022.02.19"]
[Round "5.3"]
[White "Tasnia Tarannum, Orpa"]
[Black "Israt, Jahan Diba"]
[Result "0-1"]
[WhiteElo "1678"]
[BlackElo "1697"]
[Annotator "NA"]
[PlyCount "68"]
[EventDate "2022.02.15"]
[EventType "swiss"]
[EventCountry "BAN"]
[SourceTitle "playchess.com"]
[Source "ChessBase"]
[SourceQuality "1"]
[TimeControl "5400+30"]

1. e4 {[%emt 0:00:04]} c5 {[%emt 0:00:07]} 2. Nf3 {[%emt 0:00:04]} d6 {[%emt 0:00:05]} 3. d4 {[%emt 0:00:04]} cxd4 {[%emt 0:00:05]} 4. Nxd4 {[%emt 0:00:06]} Nf6 {[%emt 0:00:06]} 5. Nc3 {[%emt 0:00:07]} g6 {[%emt 0:00:08]} 6. Be3 {[%emt 0:00:28]} Bg7 {[%emt 0:00:08]} 7. f3 {[%emt 0:00:37]} O-O {[%emt 0:00:08]} 8. Qd2 {[%emt 0:00:02]} Nc6 {[%emt 0:00:08]} 9. O-O-O {[%emt 0:00:45]} d5 {[%emt 0:00:13]} 10. exd5 {[%emt 0:02:51]} Nxd5 {[%emt 0:00:09]} 11. Nxc6 {[%emt 0:04:08]} bxc6 {[%emt 0:00:10]} 12. Bd4 {[%emt 0:03:16]} Be6 {[%emt 0:04:57]} 13. Bxg7 {[%emt 0:02:14]} Kxg7 {[%emt 0:00:13]} 14. Bc4 {[%emt 0:04:18]} Nc7 {[%emt 0:03:56]} 15. Qe2 {[%emt 0:02:08]} Qc8 {[%emt 0:01:55]} 16. h4 {[%emt 0:01:26]} Rb8 {[%emt 0:03:15]} 17. Bxe6 {[%emt 0:09:19]} Nxe6 {[%emt 0:01:16]} 18. h5 {[%emt 0:01:39]} Qb7 {[%emt 0:02:44]} 19. b3 {[%emt 0:00:57]} Qc7 {[%emt 0:10:23]} 20. hxg6 {[%emt 0:08:43]} hxg6 {[%emt 0:01:41]} 21. Qe3 {[%emt 0:04:08]} Rh8 {[%emt 0:01:37]} 22. Ne2 {[%emt 0:02:52]} Rxh1 {[%emt 0:05:03]} 23. Rxh1 {[%emt 0:00:16]} Rh8 {[%emt 0:00:35]} 24. Qc3+ {[%emt 0:02:00]} f6 {[%emt 0:00:21]} 25. Re1 {[%emt 0:01:00]} Rh2 {[%emt 0:02:48]} 26. Qc4 {[%emt 0:01:40]} Qe5 {[%emt 0:03:43]} 27. Rg1 {[%emt 0:12:21]} Qe3+ {[%emt 0:07:56]} 28. Kb2 {[%emt 0:05:27]} c5 {[%emt 0:06:45]} 29. Rd1 {[%emt 0:03:57]} Rxg2 {[%emt 0:03:58]} 30. Nc3 {[%emt 0:00:57]} Nd4 {[%emt 0:02:58]} 31. Rc1 {[%emt 0:03:55]} Nxf3 {[%emt 0:04:45]} 32. Qa6 {[%emt 0:02:46]} Ne1 {[%emt 0:01:18]} 33. Rxe1 {[%emt 0:09:56]} Qxe1 {[%emt 0:00:16]} 34. Qxa7 {[%emt 0:00:11]} Rg1 {[%emt 0:02:29]} 0-1

[Event "WALTON 40th BAN-ch U20 Girls 2022"]
[Site "Dhaka"]
[Date "2022.02.19"]
[Round "5.4"]
[White "Nusrat Jahan, Alo"]
[Black "Marzuka, Mukarrama"]
[Result "1-0"]
[WhiteElo "1818"]
[BlackElo "1095"]
[Annotator "NA"]
[PlyCount "73"]
[EventDate "2022.02.15"]
[EventType "swiss"]
[EventCountry "BAN"]
[SourceTitle "playchess.com"]
[Source "ChessBase"]
[SourceQuality "1"]
[TimeControl "5400+30"]

{[%evp 8,72,16,26,22,18,20,6,10,3,7,3,20,-18,16,15,19,20,39,26,274,279,867,885,841,909,995,1033,1031,972,1139,1154,1302,1317,1312,1331,1337,1294,1225,1325,1245,1295,1567,1511,1672,2248,1755,1894,1872,2173,2045,2135,2252,2691,2458,29987,3444,29989,29989,29991,29992,29993,29994,29995,29998,29999,29999]} 1. e4 {[%emt 0:00:04]} c6 {[%emt 0:00:09]} 2. d4 {[%emt 0:00:07]} d5 {[%emt 0:00:04]} 3. Nc3 {[%emt 0:00:09]} e6 {[%emt 0:00:43]} 4. exd5 {[%emt 0:00:30]} cxd5 {[%emt 0:00:11]} 5. Nf3 {[%emt 0:01:20]} Nf6 {[%emt 0:00:10]} 6. Bf4 {[%emt 0:02:03]} a6 {[%emt 0:00:19]} 7. a3 {[%emt 0:00:18]} Nc6 {[%emt 0:02:29]} 8. Be2 {[%emt 0:03:34]} Be7 {[%emt 0:00:24]} 9. O-O {[%emt 0:00:28]} O-O {[%emt 0:00:08]} 10. Re1 {[%emt 0:03:42]} Re8 {[%emt 0:00:50]} 11. Bd3 {[%emt 0:06:10]} Qb6 {[%emt 0:14:05]} 12. Na4 {[%emt 0:03:45]} Qa7 {[%emt 0:03:18]} 13. b4 {[%emt 0:02:43]} Nxd4 $2 {[%emt 0:08:34]} (13... b6 $11) 14. Nxd4 {[%emt 0:00:23]} Qxd4 $2 {[%emt 0:00:09] [#]} (14... Bd7) 15. Bxh7+ $1 {[%emt 0:00:15] Discovered Attack} Kxh7 {[%emt 0:09:09]} 16. Qxd4 {[%emt 0:00:36]} Bd7 {[%emt 0:00:38]} 17. Nb6 {[%emt 0:00:44]} Rad8 {[%emt 0:03:13]} 18. Bc7 {[%emt 0:00:22]} Rh8 {[%emt 0:01:58]} 19. Bxd8 {[%emt 0:00:13]} Bxd8 {[%emt 0:00:07]} 20. Nxd7 {[%emt 0:00:08]} Nxd7 {[%emt 0:00:15]} 21. c4 {[%emt 0:00:14]} Nf6 {[%emt 0:03:12]} 22. c5 {[%emt 0:00:23]} Re8 {[%emt 0:03:29]} 23. a4 {[%emt 0:02:08]} Be7 {[%emt 0:05:25]} 24. b5 {[%emt 0:02:17]} Rc8 {[%emt 0:16:55]} 25. Rac1 {[%emt 0:01:32]} Nd7 {[%emt 0:08:21]} 26. c6 {[%emt 0:00:51]} bxc6 {[%emt 0:00:02]} 27. bxc6 {[%emt 0:00:09]} Nf6 {[%emt 0:03:17]} 28. Qd3+ {[%emt 0:02:19]} g6 {[%emt 0:01:13]} 29. Qxa6 {[%emt 0:00:25]} Re8 {[%emt 0:03:00]} 30. c7 {[%emt 0:00:17]} Kg7 {[%emt 0:03:44]} 31. c8=Q {[%emt 0:00:14]} Rxc8 {[%emt 0:00:15]} 32. Rxc8 {[%emt 0:00:09]} Bb4 {[%emt 0:03:38]} 33. Rb1 {[%emt 0:00:39]} Bd2 {[%emt 0:02:43]} 34. Rb7 {[%emt 0:00:58]} Ne4 {[%emt 0:01:37]} 35. Qxe6 {[%emt 0:00:34]} Nc5 {[%emt 0:01:56]} 36. Qe5+ {[%emt 0:00:41]} Kh6 {[%emt 0:00:48]} 37. Rh8# {[%emt 0:00:09]} 1-0

[Event "WALTON 40th BAN-ch U20 Girls 2022"]
[Site "Dhaka"]
[Date "2022.02.19"]
[Round "5.5"]
[White "Wadifa, Ahmed"]
[Black "Jannatul, Ferdousi"]
[Result "1-0"]
[WhiteElo "1786"]
[BlackElo "1609"]
[Annotator "NA"]
[PlyCount "84"]
[EventDate "2022.02.15"]
[EventType "swiss"]
[EventCountry "BAN"]
[SourceTitle "playchess.com"]
[Source "ChessBase"]
[SourceQuality "1"]
[TimeControl "5400+30"]

1. c4 {[%emt 0:00:10]} Nf6 {[%emt 0:01:50]} 2. b3 {[%emt 0:00:27]} e6 {[%emt 0:02:54]} 3. Bb2 {[%emt 0:00:10]} d5 {[%emt 0:00:54]} 4. Nf3 {[%emt 0:01:49]} Be7 {[%emt 0:02:13]} 5. e3 {[%emt 0:00:42]} b6 {[%emt 0:03:04]} 6. Be2 {[%emt 0:00:47]} Bb7 {[%emt 0:00:35]} 7. O-O {[%emt 0:00:24]} O-O {[%emt 0:00:38]} 8. Nc3 {[%emt 1:30:01]} c5 {[%emt 0:04:13]} 9. Rc1 {[%emt 0:00:00]} d4 {[%emt 0:02:13]} 10. exd4 {[%emt 0:00:00]} cxd4 {[%emt 0:01:09]} 11. Nb5 {[%emt 0:00:00]} d3 {[%emt 0:04:31]} 12. Bxd3 {[%emt 0:00:00]} Qxd3 {[%emt 0:01:05]} 13. Nc7 {[%emt 0:00:00]} Nbd7 {[%emt 0:03:39]} 14. Nxa8 {[%emt 0:00:00]} Bxa8 {[%emt 0:01:25]} 15. Qc2 {[%emt 0:00:00]} Qd6 {[%emt 0:15:00]} 16. Nd4 {[%emt 0:00:00]} Ng4 {[%emt 0:24:41]} 17. f4 {[%emt 0:00:00]} Qc5 {[%emt 0:07:07]} 18. h3 {[%emt 0:00:00]} Nh6 {[%emt 0:02:40]} 19. Kh1 {[%emt 0:00:00]} Qh5 {[%emt 0:03:56]} 20. Nf3 {[%emt 0:00:00]} Nf5 {[%emt 0:03:32]} 21. Kg1 {[%emt 0:00:00]} Ng3 {[%emt 0:03:13]} 22. Rf2 {[%emt 0:00:00]} Nc5 {[%emt 0:04:53]} 23. d3 {[%emt 0:00:00]} Rd8 {[%emt 0:02:49]} 24. Rd1 {[%emt 0:00:00]} Qg6 {[%emt 0:01:12]} 25. Ne5 {[%emt 0:00:00]} Qh5 {[%emt 0:01:59]} 26. Nf3 {[%emt 0:00:00]} Na6 {[%emt 0:01:24]} 27. a3 {[%emt 0:00:00]} Bc5 {[%emt 0:00:34]} 28. d4 {[%emt 0:00:00]} Be7 {[%emt 0:00:35]} 29. b4 {[%emt 0:00:00]} Ne4 {[%emt 0:00:28]} 30. Re2 {[%emt 0:00:00]} Ng3 {[%emt 0:00:30]} 31. Rf2 {[%emt 0:00:00]} Ne4 {[%emt 0:00:30]} 32. Re2 {[%emt 0:00:00]} Ng3 {[%emt 0:00:31]} 33. Rf2 {[%emt 0:00:00]} Be4 {[%emt 0:00:31]} 34. Qa4 {[%emt 0:00:00]} Nc7 {[%emt 0:00:29]} 35. Qxa7 {[%emt 0:00:01]} Bd6 {[%emt 0:00:24]} 36. Qxb6 {[%emt 0:00:54]} Bxf4 {[%emt 0:00:16]} 37. d5 {[%emt 0:00:31]} exd5 {[%emt 0:00:46]} 38. cxd5 {[%emt 0:00:08]} h6 {[%emt 0:00:32]} 39. Qd4 {[%emt 0:00:24]} f6 {[%emt 0:00:30]} 40. Bc1 {[%emt 0:06:34]} Bxf3 {[%emt 0:00:30]} 41. gxf3 {[%emt 0:00:08]} Bxc1 {[%emt 0:00:33]} 42. Rxc1 {[%emt 0:00:03]} Qxh3 {[%emt 0:01:02]} 1-0

[Event "WALTON 40th BAN-ch U20 Girls 2022"]
[Site "Dhaka"]
[Date "2022.02.20"]
[Round "6.2"]
[White "Kazi Zarin, Tasnim"]
[Black "Israt, Jahan Diba"]
[Result "1-0"]
[WhiteElo "1801"]
[BlackElo "1697"]
[Annotator "NA RC"]
[PlyCount "101"]
[EventDate "2022.02.15"]
[EventType "swiss"]
[EventCountry "BAN"]
[SourceTitle "playchess.com"]
[Source "ChessBase"]
[SourceQuality "1"]
[TimeControl "5400+30"]

1. e4 {[%emt 0:14:17]} c5 {[%emt 0:00:06]} 2. Nf3 {[%emt 0:00:21]} d6 {[%emt 0:00:10]} 3. d4 {[%emt 0:00:06]} cxd4 {[%emt 0:00:05]} 4. Nxd4 {[%emt 0:00:03]} Nf6 {[%emt 0:00:09]} 5. Nc3 {[%emt 0:00:05]} g6 {[%emt 0:00:06]} 6. Be3 {[%emt 0:00:05]} Bg7 {[%emt 0:00:05]} 7. f3 {[%emt 0:00:04]} O-O {[%emt 0:00:09]} 8. Qd2 {[%emt 0:00:01]} Nc6 {[%emt 0:00:08]} 9. O-O-O {[%emt 0:00:06]} d5 {[%emt 0:00:04]} 10. Qe1 {[%emt 0:00:04]} e5 {[%emt 0:00:13]} 11. Nxc6 {[%emt 0:00:05]} bxc6 {[%emt 0:00:15]} 12. exd5 {[%emt 0:00:05]} cxd5 {[%emt 0:00:16]} 13. Bg5 {[%emt 0:00:05]} Be6 {[%emt 0:15:55] [#]} 14. Bc4 $1 {[%emt 0:00:05]} Qa5 {[%emt 0:04:09] [#]} (14... Qc7 $14 15. Bxd5 Nxd5 16. Nxd5 Bxd5 17. Rxd5 Qc4) 15. Nxd5 $1 {[%emt 0:03:28]} Qxe1 {[%emt 0:02:10]} 16. Rhxe1 {[%emt 0:00:03]} Nxd5 {[%emt 0:04:18]} 17. Bxd5 {[%emt 0:00:06]} Bxd5 {[%emt 0:01:05]} 18. Rxd5 {[%emt 0:00:06]} f6 {[%emt 0:01:22]} 19. Be3 {[%emt 0:00:46]} Rf7 {[%emt 0:01:03]} 20. Red1 {[%emt 0:01:49]} Re7 {[%emt 0:07:54]} 21. Rd8+ {[%emt 0:02:45]} Rxd8 {[%emt 0:03:34]} 22. Rxd8+ {[%emt 0:00:03]} Kf7 {[%emt 0:01:11]} 23. Ra8 {[%emt 0:00:02]} Ke6 {[%emt 0:02:28]} 24. Rxa7 {[%emt 0:00:11]} Rxa7 {[%emt 0:00:35]} 25. Bxa7 {[%emt 0:00:02]} Bh6+ {[%emt 0:00:37]} 26. Kd1 {[%emt 0:00:28]} Kd5 {[%emt 0:00:38]} 27. Ke2 {[%emt 0:03:02]} Kc4 {[%emt 0:02:12]} 28. Be3 {[%emt 0:00:25]} Bf8 {[%emt 0:01:32]} 29. a4 {[%emt 0:01:59]} Bb4 {[%emt 0:05:18]} 30. Bb6 {[%emt 0:03:02]} Bd6 {[%emt 0:03:12]} 31. a5 {[%emt 0:03:50]} Kb5 {[%emt 0:01:23]} 32. c4+ {[%emt 1:08:51]} Kxc4 {[%emt 0:02:48]} 33. a6 {[%emt 0:00:00]} Bb8 {[%emt 0:00:11]} 34. a7 {[%emt 0:00:00]} Bxa7 {[%emt 0:00:06]} 35. Bxa7 {[%emt 0:00:00]} Kb3 {[%emt 0:00:13]} 36. Bc5 {[%emt 0:00:00]} Kxb2 {[%emt 0:00:25]} 37. Be7 {[%emt 0:00:00]} f5 {[%emt 0:00:40]} 38. Bf6 {[%emt 0:00:00]} Kc3 {[%emt 0:02:33]} 39. Bxe5+ {[%emt 0:00:00]} Kc2 {[%emt 0:01:12]} 40. Bf4 {[%emt 0:00:00]} h5 {[%emt 0:06:37]} 41. h4 {[%emt 0:00:00]} Kc3 {[%emt 0:01:27]} 42. Be5+ {[%emt 0:00:00]} Kc2 {[%emt 0:01:44]} 43. Ke3 {[%emt 0:00:00]} Kd1 {[%emt 0:01:06]} 44. Bc3 {[%emt 0:00:00]} Kc2 {[%emt 0:00:51]} 45. Be1 {[%emt 0:00:00]} Kd1 {[%emt 0:02:00]} 46. Bb4 {[%emt 0:00:00]} f4+ {[%emt 0:01:44]} 47. Kxf4 {[%emt 0:00:00]} Ke2 {[%emt 0:00:08]} 48. g4 {[%emt 0:00:00]} hxg4 {[%emt 0:00:23]} 49. fxg4 {[%emt 0:00:00]} Kd3 {[%emt 0:00:19]} 50. h5 {[%emt 0:00:00]} gxh5 {[%emt 0:00:21]} 51. gxh5 {[%emt 0:00:00]} 1-0